Clickable Diacritics Quiz Stats

 Plays Quiz not verified by Sporcle

Challenge
Share
Tweet
Embed
Score 0/25 Timer 06:00
0 Plays Today
% Correct
acute
87.6%
grave
84.8%
double grave
84.8%
umlaut
83.8%
double acute
82.9%
tilde
82.9%
circumflex
79%
underbar
78.1%
cedilla
77.1%
underdot
76.2%
overdot
75.2%
tittle
70.5%
hoi (hook above)
70.5%
% Correct
overring
69.5%
undercomma
69.5%
macron
64.8%
breve
62.9%
slash
61%
horn
60%
inverted breve
60%
tie
54.3%
crossbar
48.6%
ogonek
47.6%
hook below
47.6%
titlo
40%

You're not logged in!

Compare scores with friends on all Sporcle quizzes.
OR
Log In

You Might Also Like...

Show Comments

Extras

Created Jun 25, 2014ReportNominate
Tags:Clickable Quiz, diacritic, mark

Top Quizzes Today


Score Distribution

Your Account Isn't Verified!

In order to create a playlist on Sporcle, you need to verify the email address you used during registration. Go to your Sporcle Settings to finish the process.

Report this User

Report this user for behavior that violates our Community Guidelines.

Details: